Potato atlas : a compendium of international statistics on potato production and utilization presented in maps, tables, and charts /

Bibliographic Details
Main Author: Horton, Douglas E.
Corporate Author: International Potato Center. Social Science Unit
Format: Book
Language:English
Published: Lima, Peru : Social Science Unit, International Potato Center, [1978]
Subjects:

MARC

Tag First Indicator Second Indicator Subfields
LEADER 00000cam a2200000 a 4500
001 in00000086285
005 20230810120503.0
008 841127s1978 pe a bs 000 0 eng
010 |a  84118763  
016 7 |a 012113341  |2 Uk 
019 |a 6333029  |a 1099823529  |a 1160067784 
029 1 |a AU@  |b 000003693207 
029 1 |a AU@  |b 000051274686 
029 1 |a NLGGC  |b 152886516 
029 1 |a UKMGB  |b 012113341 
035 |a (OCoLC)ocm11536184  
035 |a (OCoLC)11536184  |z (OCoLC)6333029  |z (OCoLC)1099823529  |z (OCoLC)1160067784 
035 |a (OCoLC)ocm11536184  
040 |a DLC  |b eng  |c DLC  |d OCL  |d NIALS  |d OCLCO  |d OCLCA  |d OCLCF  |d OCLCQ  |d WURST  |d UKMGB  |d AGL  |d OCLCO  |d OXJ 
050 0 0 |a SB211.P8  |b H67 1978 
060 4 |a SB 71 H67p 1978 
070 |a HD9235.P8H6 
082 0 0 |a 338.1/73491/0212  |2 19 
084 |a DW 95(P10)  |2 blsrissc 
100 1 |a Horton, Douglas E. 
245 1 0 |a Potato atlas :  |b a compendium of international statistics on potato production and utilization presented in maps, tables, and charts /  |c Douglas E. Horton. 
246 3 |a International statistics on potato production and utilization 
260 |a Lima, Peru :  |b Social Science Unit, International Potato Center,  |c [1978] 
300 |a 141 pages :  |b illustrations ;  |c 22 x 32 cm 
336 |a text  |b txt  |2 rdacontent 
337 |a unmediated  |b n  |2 rdamedia 
338 |a volume  |b nc  |2 rdacarrier 
500 |a "International statistics on potato production and utilization"--Cover. 
500 |a "July 1978." 
504 |a Includes bibliographical references. 
650 0 |a Potatoes  |v Statistics. 
650 0 |a Potato industry  |v Statistics. 
650 6 |a Pomme de terre  |v Statistiques. 
650 6 |a Pomme de terre  |x Industrie  |v Statistiques. 
650 7 |a Potato industry.  |2 fast  |0 (OCoLC)fst01073347 
650 7 |a Potatoes.  |2 fast  |0 (OCoLC)fst01073379 
653 0 0 |a solanum tuberosum 
653 0 0 |a aardappelen 
653 0 0 |a potatoes 
653 0 0 |a handel 
653 0 0 |a trade 
653 0 0 |a economische situatie 
653 0 0 |a economic situation 
653 0 0 |a statistiek 
653 0 0 |a statistics 
653 0 0 |a wereld 
653 0 0 |a world 
653 0 0 |a economische productie 
653 0 0 |a economic production 
653 1 0 |a Potatoes 
653 1 0 |a Aardappelen 
655 7 |a Statistics.  |2 fast  |0 (OCoLC)fst01423727 
710 2 |a International Potato Center.  |b Social Science Unit. 
776 0 8 |i Online version:  |a Horton, Douglas E.  |t Potato atlas.  |d Lima, Peru : Social Science Unit, International Potato Center, [1978]  |w (OCoLC)899754949 
948 |h HELD BY TXA - 39 OTHER HOLDINGS 
994 |a Z0  |b TXA 
999 f f |s 30329f4a-a12d-3154-ac01-ace66484933a  |i 12f59b97-9269-35bb-aa04-0ef5b8866c1b  |t 0 
952 f f |p ric  |a Texas A&M University  |b Rellis Campus  |c Joint Library Facility  |s JLF  |d Remote Storage  |t 0  |e HD9235 P8 H677  |h Library of Congress classification  |i unmediated -- volume  |m A14805957039